| 000 | 00651nam a2200205Ii 4500 | ||
|---|---|---|---|
| 003 | JO-AjNU | ||
| 008 | 230605s9999||||xx |||||||||||||| ||und|| | ||
| 040 |
_aJO-AjNU _bara _erda _cJO-AjNU |
||
| 041 | _aara | ||
| 050 | 1 | 4 | _aPN80.S2 1987 |
| 100 | 3 |
_aفضل،صلاح, _eauthor _913270 |
|
| 245 | 0 | 0 | _aنظرية البنائية في النقد الأدبي |
| 250 | _aط3 | ||
| 264 | 3 | 1 | _aبغداد: دار الشؤون الثقافية، 1987 |
| 300 | _a503ص | ||
| 336 |
_atext _btxt _2rdacontent |
||
| 337 |
_aunmediated _bn _2rdamedia |
||
| 338 |
_avolume _bnc _2rdacarrier |
||
| 650 | 4 |
_aالأدب العربي - النقد الأدبي _913271 |
|
| 999 |
_aA3260 _c6828 _d6828 |
||